[Event "South FR-ch"]
[Site "Maikop"]
[Date "2018.03.31"]
[Round "8"]
[White "Markosian, Sergey"]
[Black "Drozhzhina, Alina"]
[Result "1-0"]
[WhiteElo "1752"]
[BlackElo "1313"]
[PlyCount "180"]
[EventDate "2018.03.24"]
[EventType "swiss"]
[EventRounds "9"]
[EventCountry "RUS"]
[SourceTitle "EXT 2019"]
[Source "ChessBase"]
[SourceDate "2018.10.10"]
[SourceVersion "1"]
[SourceVersionDate "2018.10.10"]
[SourceQuality "1"]

1. d4 Nf6 2. c4 e6 3. Nc3 d5 4. e3 c5 5. cxd5 Nxd5 6. Nxd5 Qxd5 7. Qc2 Nd7 8. Nf3 Be7 9. Bb5 0-0 10. e4 Qh5 11. Bf4 cxd4 12. Nxd4 e5 13. Nf5 Bb4+ 14. Bd2 Bxd2+ 15. Qxd2 Nf6 16. Be2 Nxe4 17. Ne7+ Kh8 18. Bxh5 Nxd2 19. Kxd2 Be6 20. Rac1 Rfd8+ 21. Ke3 Rd7 22. Rc8+ Rxc8 23. Nxc8 b5 24. Rc1 Bxa2 25. Ra1 Bc4 26. Nxa7 f5 27. f4 Rd3+ 28. Kf2 Rd2+ 29. Kg3 e4 30. Nxb5 g6 31. Na3 Bb3 32. Bd1 Rxd1 33. Rxd1 Bxd1 34. Kf2 Bb3 35. Nb5 Kg7 36. Nd4 Bd5 37. Ke3 Kf7 38. h4 Ke7 39. h5 Kd6 40. h6 Kc5 41. Nc2 Kc4 42. Nd4 Kc5 43. Ne2 Be6 44. Kd2 Kc4 45. Kc2 Kb4 46. Nd4 Bd5 47. Kd2 Bb3 48. Nc6+ Kc4 49. Ne5+ Kd4 50. Nxg6 e3+ 51. Ke1 Ke4 52. g3 Kf3 53. Nf8 Bg8 54. b4 Kg4 55. b5 Kh5 56. Nxh7 Kxh6 57. Nf6 Be6 58. b6 Bc8 59. Nd5 Bb7 60. Nxe3 Kg6 61. Kd2 Kf6 62. Kc3 Ke6 63. Kd4 Be4 64. g4 Bb7 65. Nxf5 Kd7 66. Kc5 Bf3 67. g5 Be4 68. Nd6 Bg6 69. b7 Kc7 70. Kd5 Bh7 71. Ke6 Bg8+ 72. Ke7 Bh7 73. f5 Kb8 74. f6 Bg6 75. Kf8 Kc7 76. Kg7 Bh5 77. Kh6 Bf7 78. Nxf7 Kxb7 79. Ne5 Kc7 80. f7 Kd6 81. Ng6 Ke6 82. f8Q Kd5 83. Qf6 Kc4 84. Qe5 Kd3 85. Qf4 Kc3 86. Qe4 Kb3 87. Qd4 Kc2 88. Qe3 Kd1 89. Qf2 Kc1 90. Qe2 Kb1 1-0

[Event "South FR-ch"]
[Site "Maikop"]
[Date "2018.03.26"]
[Round "3"]
[White "Markosian, Sergey"]
[Black "Osipov, Aleksandr"]
[Result "0-1"]
[WhiteElo "1752"]
[BlackElo "2015"]
[PlyCount "66"]
[EventDate "2018.03.24"]
[EventType "swiss"]
[EventRounds "9"]
[EventCountry "RUS"]
[SourceTitle "EXT 2019"]
[Source "ChessBase"]
[SourceDate "2018.10.10"]
[SourceVersion "1"]
[SourceVersionDate "2018.10.10"]
[SourceQuality "1"]

1. d4 Nf6 2. Nc3 d5 3. Nf3 e6 4. e3 Nbd7 5. Bd3 c5 6. 0-0 Be7 7. Re1 0-0 8. e4 dxe4 9. Nxe4 Nxe4 10. Rxe4 b6 11. Ne5 Bb7 12. Nxd7 Qxd7 13. Rg4 f5 14. dxc5 fxg4 15. Bxh7+ Kxh7 16. Qxd7 Rad8 17. Qxd8 Rxd8 18. Be3 Bxc5 19. Bf4 Kg6 20. Re1 Kf5 21. g3 Rd5 22. c4 Rd3 23. Kf1 Bd4 24. b3 e5 25. Ke2 Rf3 26. Be3 Bxe3 27. fxe3 Ke4 28. Rd1 Rxe3+ 29. Kf2 Rd3 30. Re1+ Kd4 31. Rc1 e4 32. b4 Rd2+ 33. Ke1 Rxh2 0-1

[Event "Krasnodar Region-ch"]
[Site "Krasnodar"]
[Date "2014.10.11"]
[Round "9"]
[White "Tsurtsumiya, Ruslan"]
[Black "Markosian, Sergey"]
[Result "0-1"]
[WhiteElo "1624"]
[BlackElo "1853"]
[PlyCount "52"]
[EventDate "2014.10.03"]
[EventType "swiss"]
[EventRounds "9"]
[EventCountry "RUS"]
[SourceTitle "EXT 2015"]
[Source "ChessBase"]
[SourceDate "2014.11.20"]
[SourceVersion "1"]
[SourceVersionDate "2014.11.20"]
[SourceQuality "1"]

1. e4 c5 2. Nf3 Nc6 3. Bb5 Nd4 4. Nxd4 cxd4 5. d3 Qa5+ 6. Bd2 Qxb5 7. b3 g6 8. 0-0 Bg7 9. f4 Nf6 10. Na3 Qc6 11. Nc4 d6 12. h3 b5 13. Nb2 Bb7 14. Qe2 Nh5 15. Rf3 Qxc2 16. Nd1 0-0 17. g4 Nf6 18. f5 Nd7 19. Rf2 Ne5 20. Bf4 Qxe2 21. Rxe2 Nxd3 22. Bh2 Ne5 23. Kf2 d3 24. Re3 Nxg4+ 25. hxg4 Bxa1 26. Rxd3 Bxe4 0-1

[Event "Krasnodar Region-ch"]
[Site "Krasnodar"]
[Date "2012.10.03"]
[Round "2"]
[White "Markosian, Sergey"]
[Black "Panarin, Vladimir"]
[Result "0-1"]
[WhiteElo "1830"]
[BlackElo "2097"]
[PlyCount "84"]
[EventDate "2012.10.02"]
[EventType "swiss"]
[EventRounds "9"]
[EventCountry "RUS"]
[SourceTitle "EXT 2013"]
[Source "ChessBase"]
[SourceDate "2012.11.22"]
[SourceVersion "1"]
[SourceVersionDate "2012.11.22"]
[SourceQuality "1"]

1. e4 g6 2. f4 Bg7 3. Nf3 d6 4. h3 Nf6 5. Bc4 0-0 6. d3 c6 7. 0-0 d5 8. exd5 cxd5 9. Bb3 Nc6 10. c3 d4 11. Na3 dxc3 12. bxc3 Nd5 13. Bxd5 Qxd5 14. d4 b5 15. Rb1 a6 16. Qe2 Bf5 17. Rb3 Rac8 18. Bd2 Qd6 19. Nb1 Be6 20. Ne5 Bxb3 21. axb3 b4 22. Nc4 Qd8 23. d5 bxc3 24. Nxc3 Nd4 25. Qd1 Rb8 26. Ne5 Nf5 27. Nc6 Qb6+ 28. Kh2 Rb7 29. Qe1 Re8 30. b4 Bxc3 31. Bxc3 Qe3 32. Qa1 Rd7 33. Rf3 Qe2 34. Qa4 Ne3 35. Rxe3 Qxe3 36. Be5 f6 37. Na5 Red8 38. Nc4 Qf2 39. Bb8 Rxd5 40. Bc7 Rd1 41. Bxd8 Qg1+ 42. Kg3 Rd3+ 0-1

[Event "Belorechensk Sarkisov Memorial op"]
[Site "Belorechensk"]
[Date "2012.05.30"]
[Round "8"]
[White "Markosian, Sergey"]
[Black "Kvasov, Alexey"]
[Result "1-0"]
[WhiteElo "1817"]
[BlackElo "1964"]
[PlyCount "83"]
[EventDate "2012.05.23"]
[EventType "swiss"]
[EventRounds "9"]
[EventCountry "RUS"]
[SourceTitle "CBM 148 Extra"]
[Source "ChessBase"]
[SourceDate "2012.06.22"]
[SourceVersion "1"]
[SourceVersionDate "2012.06.22"]
[SourceQuality "1"]

1. Nc3 c6 2. d4 d5 3. e4 dxe4 4. Nxe4 Nf6 5. Nxf6+ gxf6 6. c3 Bf5 7. Bd3 Bg6 8. Ne2 Rg8 9. Bxg6 hxg6 10. Bf4 Nd7 11. Qb3 Nb6 12. 0-0-0 Qd5 13. Qxd5 Nxd5 14. Bg3 f5 15. Nf4 Nxf4 16. Bxf4 g5 17. Bd2 f6 18. g3 e6 19. h4 g4 20. Bf4 Kd7 21. Rde1 Bd6 22. Bxd6 Kxd6 23. Re2 b5 24. Rhe1 Rge8 25. Kc2 a5 26. Kd3 a4 27. c4 Ra7 28. c5+ Kd7 29. Kc3 Re7 30. Kb4 Ra8 31. Re3 Rae8 32. b3 axb3 33. axb3 e5 34. dxe5 fxe5 35. Rd3+ Kc7 36. Ra1 Kb7 37. Rd6 Rc8 38. Rad1 f4 39. Rg6 fxg3 40. fxg3 e4 41. Rxg4 e3 42. Re1 1-0

[Event "Belorechensk Sarkisov Memorial op"]
[Site "Belorechensk"]
[Date "2012.05.27"]
[Round "5"]
[White "Todua, Anastasia"]
[Black "Markosian, Sergey"]
[Result "1-0"]
[WhiteElo "1619"]
[BlackElo "1817"]
[PlyCount "71"]
[EventDate "2012.05.23"]
[EventType "swiss"]
[EventRounds "9"]
[EventCountry "RUS"]
[SourceTitle "CBM 148 Extra"]
[Source "ChessBase"]
[SourceDate "2012.06.22"]
[SourceVersion "1"]
[SourceVersionDate "2012.06.22"]
[SourceQuality "1"]

1. e4 e5 2. Nf3 Nc6 3. Bb5 d6 4. c3 Nf6 5. Qe2 Bd7 6. 0-0 Be7 7. Rd1 a6 8. Ba4 0-0 9. d3 Nd4 10. cxd4 Bxa4 11. b3 Be8 12. dxe5 dxe5 13. Nxe5 Bd6 14. Nc4 Bc5 15. Bb2 b5 16. Ne3 Bd4 17. Nf5 Bxb2 18. Qxb2 c5 19. Nc3 Bc6 20. Ne2 Rc8 21. Nf4 g6 22. Nh6+ Kg7 23. Ng4 Qd4 24. Qxd4 cxd4 25. Nxf6 Kxf6 26. Rac1 Ke5 27. Ne2 Rfd8 28. Rc5+ Ke6 29. Rdc1 Bb7 30. Rxc8 Bxc8 31. Rc6+ Ke7 32. Kf1 h5 33. Ke1 g5 34. Kd2 h4 35. Nxd4 h3 36. g4 1-0

[Event "South FR-ch"]
[Site "Armavir"]
[Date "2012.03.??"]
[Round "2"]
[White "Markosian, Sergey"]
[Black "Xvorostjanyj, Anatoliy"]
[Result "0-1"]
[WhiteElo "1794"]
[BlackElo "2087"]
[PlyCount "84"]
[EventDate "2012.03.11"]
[EventType "swiss"]
[EventRounds "9"]
[EventCountry "RUS"]
[SourceTitle "EXT 2023"]
[Source "ChessBase"]
[SourceDate "2022.10.05"]
[SourceVersion "1"]
[SourceVersionDate "2022.10.05"]
[SourceQuality "1"]

1. f4 c5 2. Nf3 Nc6 3. e3 Nf6 4. Be2 d5 5. 0-0 e6 6. b3 Be7 7. Bb2 0-0 8. Ne5 Nd7 9. d4 f6 10. Nd3 b6 11. Bg4 f5 12. Bf3 Ba6 13. c4 Nf6 14. dxc5 bxc5 15. Nc3 Ne4 16. cxd5 exd5 17. Re1 Bxd3 18. Qxd3 Nb4 19. Qe2 Bf6 20. Bxe4 fxe4 21. Na4 Nd3 22. Bxf6 Qxf6 23. Rf1 Rae8 24. Qc2 Qd6 25. Nc3 a6 26. Rad1 Rf7 27. Qe2 c4 28. bxc4 dxc4 29. Rd2 Qb4 30. Rc2 Qc5 31. Nxe4 Rxe4 32. Qxd3 cxd3 33. Rxc5 Rd7 34. Kf2 Ra4 35. Ra1 Rb4 36. Rcc1 Rb2+ 37. Kf3 Kf7 38. Rd1 a5 39. h3 a4 40. a3 h5 41. h4 Ke6 42. e4 d2 0-1

[Event "Krasnodar Region-ch"]
[Site "Krasnodar"]
[Date "2011.10.16"]
[Round "3"]
[White "Markosian, Sergey"]
[Black "Tyunin, Vladislav"]
[Result "0-1"]
[WhiteElo "1792"]
[BlackElo "2138"]
[PlyCount "88"]
[EventDate "2011.10.14"]
[EventType "swiss"]
[EventRounds "9"]
[EventCountry "RUS"]
[SourceTitle "EXT 2022"]
[Source "ChessBase"]
[SourceDate "2021.10.06"]
[SourceVersion "1"]
[SourceVersionDate "2021.10.06"]
[SourceQuality "1"]

1. e4 c5 2. f4 d5 3. e5 Nc6 4. Nf3 a6 5. Nc3 Bg4 6. Be2 e6 7. 0-0 c4 8. d4 cxd3 9. cxd3 Bc5+ 10. d4 Ba7 11. Be3 Nge7 12. Ng5 Nf5 13. Bf2 h5 14. h3 Bxe2 15. Nxe2 h4 16. Rc1 Qd7 17. Rc3 f6 18. Nf3 0-0-0 19. b4 Kb8 20. Qb1 fxe5 21. fxe5 g5 22. a4 g4 23. hxg4 Ng3 24. Re1 b5 25. axb5 axb5 26. Nf4 Ne4 27. Rd3 Rdg8 28. g5 Qe7 29. Rc1 Kb7 30. Be3 Bb6 31. Rb3 Nxg5 32. Nxg5 Qxg5 33. Qc2 Nxd4 34. Bxd4 Bxd4+ 35. Kh1 Rc8 36. Qd2 Rxc1+ 37. Qxc1 Bxe5 38. Qc5 Qxf4 39. Qxb5+ Kc7 40. Qc5+ Kd7 41. Qa7+ Bc7 42. Qg1 Ra8 43. b5 Ra1 44. Qxa1 Qh2# 0-1

[Event "Krasnodar Region-ch"]
[Site "Krasnodar"]
[Date "2010.10.20"]
[Round "5"]
[White "Bargandzhiya, Zaza"]
[Black "Markosian, Sergey"]
[Result "1-0"]
[WhiteElo "2089"]
[BlackElo "1830"]
[PlyCount "89"]
[EventDate "2010.10.16"]
[EventType "swiss"]
[EventRounds "9"]
[EventCountry "RUS"]
[SourceTitle "EXT 2022"]
[Source "ChessBase"]
[SourceDate "2021.10.06"]
[SourceVersion "1"]
[SourceVersionDate "2021.10.06"]
[SourceQuality "1"]

1. e4 c5 2. Nf3 g6 3. c4 Bg7 4. d4 cxd4 5. Nxd4 Nc6 6. Be3 Nf6 7. Nc3 0-0 8. Be2 d6 9. 0-0 Ne5 10. f3 h5 11. Qd2 Kh7 12. Rfd1 Bd7 13. Rac1 Rc8 14. b3 Nc6 15. Bf1 Qa5 16. Qf2 Ng8 17. Nxc6 bxc6 18. Bd4 Nf6 19. Qg3 c5 20. Be3 Ng8 21. Nd5 Be6 22. Rc2 Bxd5 23. exd5 Nh6 24. Bd3 f5 25. Bg5 Rf7 26. Re2 Rc7 27. h4 Qc3 28. Bb1 Be5 29. Bf4 Bd4+ 30. Kh1 Qa5 31. Rde1 Ng8 32. Re6 Rg7 33. Qh3 Nf6 34. Qg3 Qc3 35. R1e2 a5 36. Bd2 Qb2 37. Qe1 Be5 38. Bxa5 Qd4 39. R6xe5 Ra7 40. Bc3 Qf4 41. Rxe7 Ne4 42. Rxg7+ Rxg7 43. fxe4 Rg8 44. exf5 gxf5 45. Re7+ 1-0

[Event "Doroshkevich Memorial op"]
[Site "Belorechensk"]
[Date "2010.05.28"]
[Round "7"]
[White "Markosian, Sergey"]
[Black "Bondarev, Boris"]
[Result "0-1"]
[WhiteElo "1844"]
[BlackElo "2140"]
[PlyCount "72"]
[EventDate "2010.05.22"]
[EventType "swiss"]
[EventRounds "9"]
[EventCountry "RUS"]
[SourceTitle "EXT 2011"]
[Source "ChessBase"]
[SourceDate "2010.11.26"]
[SourceVersion "1"]
[SourceVersionDate "2010.11.26"]
[SourceQuality "1"]

1. e4 e5 2. Nf3 Nc6 3. Bb5 Nf6 4. Nc3 Bc5 5. 0-0 0-0 6. d3 d6 7. Bg5 h6 8. Bh4 Bg4 9. Nd5 g5 10. Bxc6 bxc6 11. Nxf6+ Qxf6 12. Bg3 Rab8 13. Rb1 Qg6 14. Nxe5 Bxd1 15. Nxg6 Bxc2 16. Nxf8 Kxf8 17. b4 Bxb1 18. bxc5 dxc5 19. Bxc7 Rb7 20. Bd6+ Kg7 21. Bxc5 Bxd3 22. Re1 Bxe4 23. f3 Bd5 24. a3 a5 25. Kf2 Rb5 26. Rc1 Rb2+ 27. Kg3 Kg6 28. h3 f5 29. Rc3 f4+ 30. Kh2 h5 31. Bd6 Kf5 32. Kg1 g4 33. hxg4+ hxg4 34. fxg4+ Kxg4 35. g3 f3 36. Rd3 f2+ 0-1